Normal view
MARC view
Entry Personal Name
001 - CONTROL NUMBER
- control field: 1223
003 - CONTROL NUMBER IDENTIFIER
- control field: HDC
005 - DATE AND TIME OF LATEST TRANSACTION
- control field: 20230624073110.0
008 - FIXED-LENGTH DATA ELEMENTS
- fixed length control field: 201222|| aca||aabn | a|a d
040 ## - CATALOGING SOURCE
- Original cataloging agency: HDC
- Transcribing agency: HDC
100 ## - HEADING--PERSONAL NAME
- Personal name: Siti Nazirah Omar
670 ## - SOURCE DATA FOUND
- Source citation: Work cat.: (HDC): Proceedings of SOCIOINT14- International Conference on Social Sciences and Humanities, 8-10 September 2014, Istanbul, Turkey 1221, PERCEIVED IMPORTANCE ON MALAYSIAN HALAL AND AUTHENTIC HERITAGE FOOD (HAHFo) : INTERNATIONAL MUSLIM TOURISTS’ PURCHASE INTENTION BEHAVIOUR /, [no year]
